Populismo y contradicciones de clase en Latinoamérica /
Guardado en:
| Autor principal: | |
|---|---|
| Otros Autores: | , |
| Formato: | Texto |
| Publicado: |
México D.F:
Era
|
| Edición: | 2 |
| Etiquetas: |
Agregar Etiqueta
Sin Etiquetas, Sea el primero en etiquetar este registro!
|
MARC
| LEADER | 00000 a a2200000 04500 | ||
|---|---|---|---|
| 001 | 23849 | ||
| 003 | |||
| 040 | |a CRAI/IIS |c CRAI/IIS | ||
| 090 | |a 164200 | ||
| 100 | |a Germani, Gino | ||
| 245 | |a Populismo y contradicciones de clase en Latinoamérica / |c Gino Germani | ||
| 250 | |a 2 | ||
| 260 | |a México D.F: |b Era | ||
| 300 | |a 150 p |b **no definido** |b il. | ||
| 700 | |a Tella, Torcuato di | ||
| 700 | |a Ianni, Octavio | ||
| 999 | |c 16137 |d 16137 | ||
